Normal view
MARC view
Entry Topical Term
001 - CONTROL NUMBER
- control field: 47608
003 - CONTROL NUMBER IDENTIFIER
- control field: OSt
005 - DATE AND TIME OF LATEST TRANSACTION
- control field: 20240912103810.0
008 - FIXED-LENGTH DATA ELEMENTS
- fixed length control field: 240912|| aca||aabn | a|a d
040 ## - CATALOGING SOURCE
- Original cataloging agency: OSt
- Transcribing agency: OSt
150 ## - HEADING--TOPICAL TERM
- Topical term or geographic name entry element: Pandemic, Domestic violence, Sexual abuse, Human rights, Menstrual health.
670 ## - SOURCE DATA FOUND
- Source citation: Work cat.: (OSt): Ajitha, S. 47607, Impact of covid-19 on domestic violence against women: A study of the infectious shadow
